| LEADER |
01050nam0a2200217 450 |
| 001 |
16830122 |
| 010 |
|
|
|a 978-2-7533-0184-9
|b br.
|d 21,5
|
| 100 |
|
|
|a 20130524d2026 u u0frey01 ba
|
| 101 |
1 |
|
|a fre
|c
|
| 102 |
|
|
|a FR
|
| 200 |
0 |
|
|a Jamais vue
|f Alafair Burke
|g traduit de l'anglais (Etats-Unis) par Véronique Dumont
|
| 207 |
|
1 |
|a
|
| 210 |
|
|
|a Paris
|c Ed. SW Télémaque
|d DL 2013
|
| 215 |
|
|
|a 1 vol. (397 p.)
|c couv. ill. en coul.
|d 22 cm
|
| 225 |
1 |
|
|a Collection Entailles
|x 1966-8074
|
| 330 |
|
|
|a Sans emploi depuis plusieurs mois, Alice se voit offrir par Drew Campbell, un poste de rêve: directrice d'une galerie d'art à Manhattan! La chance lui sourit enfin. Au lendemain de sa première exposition qui fait scandale, elle retrouve sa galerie entièrement vide à l'exception du cadavre de son patron...
|
| 700 |
|
0 |
|a Burke
|b Alafair
|4 70
|
| 702 |
|
0 |
|a Dumont
|b Véronique
|f 1958-....
|4 730
|
| 900 |
|
|
|a Roman Policier
|
| 901 |
|
|
|a Accessible au prêt
|
| 995 |
|
|
|a Bibliothèque
|c Bibliothèque
|f 024018949
|h 024018949
|k RP BUR
|o p
|q a
|r az
|e Bibliothèque
|